Film & Fernsehen mit E - Statistiken

Allgemein
  • Dieses Quiz wurde 77 mal gespielt
  • Das Durchschnittsergebnis liegt bei 11 aus 16
Antwortstatistiken
Hinweis Antwort % Korrekt
Hauptfernsehsender der ARD Das {Erste}
99%
Berts Mitbewohner in der Sesamstraße Ernie
97%
Sie war Teil des "Wochenshow"-Ensembles und ist die deutsche Stimme von Marge Simpson Anke {Engelke}
96%
In der Sendung mit der Maus ist er blau und kleiner als die Maus Elefant
92%
Kinderserie, die seit 1998 auf Kika läuft Schloss {Einstein}
89%
Entwickelte sich von Stefan Raabs Showpraktikanten zur omnipräsenten Fernsehpersönlichkeit Elton
86%
Langjährige Dokumentationsreihe, in der es um Züge in aller Welt geht {Eisenbahn}-Romantik
81%
1989 gegründeter Sender, der unter anderem Snooker und Tennis überträgt Eurosport
81%
Europäischer Rundfunkverband, der einen Song Contest ausrichtet und eine eigene Hymne für in mehreren Ländern ausgestrahlte Sendungen hat Eurovision
71%
Von Frauke Ludowig moderiertes RTL-Starmagazin Exclusiv
60%
Titel von Naturdokumentationen des NDR, die ursprünglich von Heinz Sielmann präsentiert wurden {Expeditionen} ins Tierreich
54%
Film mit Moritz Bleibtreu aus dem Jahr 2001, in dem es um einen Versuch mit Gefängnisinsassen geht Das {Experiment}
53%
Deutscher Titel der Serie "Married ... With Children" um Al Bundy Eine schrecklich nette Familie
47%
Von Sebastian Bezzel gespielter Polizist in einer Comedy-Krimi-Reihe, deren erster Teil "Dampfnudelblues" hieß Franz {Eberhofer}
32%
1947 geborener Regisseur, der u. a. für die Filme "Wir Kinder vom Bahnhof Zoo" und "Der Baader Meinhof Komplex" verantwortlich war Uli {Edel}
15%
2025 verstorbener Journalist, der als Adelsexperte bekannt wurde Rolf Seelmann-{Eggebert}
11%
Keine übereinstimmenden Quizze gefunden
Verteilung der Resultate
Anzahl Personen mit jedem Resultat
Perzentil nach korrekt beantworteten Fragen
Ihre Resultats-Entwicklung
Sie haben dieses Quiz noch nicht gespielt